zpět

Detail výsledku týmu

Bowling pub, Vyškov

Datum a čas kvízu

30 Celkem bodů Celkový počet nahraných bodů na tomto kvízu bez doplňovacích otázek.
6. Pořadí na kvízu Konečné umístění týmu na tomto kvízu.

Zaznamenané odpovědi

# Otázka Odpověď Body Výsledky
1. Matematik a podnikatel Karel J... Tohle jsme my 0
2. Vedení jistého zhruba osmdesát... Turecko 0
3. Platforma Amazon Prime Video z... Pán prstenů (Rings of Power) 1
4. Ocenění nejlepšího lyžařského... ve Švýcarsku 0
5. Biatlonistka Markéta Davidová... B) ve vytrvalostním závodě 1
6. V 17. a 18. století dominovala... merkantilismus 0
7. Jedním z nejznámějších předsta... ze Skotska 1
8. Ve kterém roce došlo ke krachu... V roce 1929. (Uznáváme 1927–1931.) 1
9. Současný měnový systém byl for... Jamajka 0
10. Na závěr se podíváme do eurozó... B 1